| 000 | 00907cam a2200253 a 4500 | ||
|---|---|---|---|
| 005 | 20250905064001.0 | ||
| 008 | 121122s2008 mx fr 000 0 spa d | ||
| 020 | _a9789213230008 | ||
| 035 | _aUPN01000188913 | ||
| 040 |
_aMX-MxUPN _bspa |
||
| 050 | 4 |
_aKG400 _bD5.2 |
|
| 100 | 1 |
_aDíaz, Álvaro _933424 |
|
| 245 | 1 | 0 |
_aAmérica Latina y el Caribe : _bla propiedad intelectual después de los tratados de libre comercio |
| 260 |
_aSantiago de Chile : _bComisión Económica para América Latina y el Caribe, _cc2008. |
||
| 300 |
_a242 páginas : _bgráficas, cuadros |
||
| 490 | 0 |
_aLibros de la CEPAL ; _v94 |
|
| 530 | _aTambién disponible en línea. | ||
| 650 | 4 |
_aPropiedad intelectual _zAmérica Latina _921827 |
|
| 650 | 4 |
_aInnovaciones tecnológicas _98196 |
|
| 856 | 4 | 0 | _uhttps://hdl.handle.net/11362/2526 |
| 902 | _bVíctorGodínez/100724 | ||
| 942 |
_2lcc _cLIBRO |
||
| 999 |
_c161016 _d161016 |
||